Perspectives on sustainability (Record no. 109495)

MARC details
000 -LEADER
fixed length control field 01118cad a22002295a 4500
001 - CONTROL NUMBER
control field E147244
008 - FIXED-LENGTH DATA ELEMENTS--GENERAL INFORMATION
fixed length control field 090417s2009 xxu f 000 0 eng d
035 ## - SYSTEM CONTROL NUMBER
System control number (Sirsi) u147244
041 0# - LANGUAGE CODE
Language code of text/sound track or separate title eng
050 04 - LIBRARY OF CONGRESS CALL NUMBER
Classification number 333.72 $2 18
110 2# - MAIN ENTRY--CORPORATE NAME
Corporate name or jurisdiction name as entry element Jones Lang LaSalle
9 (RLIN) 3755
245 00 - TITLE STATEMENT
Title Perspectives on sustainability
Remainder of title President Obama's plans for energy and the environment, the implications for commercial real estate
Medium [electronic resource]
260 ## - PUBLICATION, DISTRIBUTION, ETC.
Place of publication, distribution, etc. [S.l.]
Name of publisher, distributor, etc. JLL
Date of publication, distribution, etc. 2009
520 ## - SUMMARY, ETC.
Summary, etc. Sets out the new administration's position with regards to the environment and looks at what this might mean for the commercial real estate sector. Also proposes a four-step action plan for businesses to capitalise on government-sponsored incentives and reduce the risks associated with a new regulatory environment.
521 ## - TARGET AUDIENCE NOTE
Target audience note Advanced
590 ## - LOCAL NOTE (RLIN)
Local note KA
651 #4 - SUBJECT ADDED ENTRY--GEOGRAPHIC NAME
Geographic name United States
Chronological subdivision 1959-
690 ## - LOCAL SUBJECT ADDED ENTRY--TOPICAL TERM (OCLC, RLIN)
Topical term or geographic name as entry element PROPERTY-COMMERCIAL PROPERTY
690 ## - LOCAL SUBJECT ADDED ENTRY--TOPICAL TERM (OCLC, RLIN)
Topical term or geographic name as entry element BUILT ENVIRONMENT-SUSTAINABLE CONSTRUCTION
856 40 - ELECTRONIC LOCATION AND ACCESS
Uniform Resource Identifier <a href="https://www.us.am.joneslanglasalle.com">https://www.us.am.joneslanglasalle.com</a>
Public note View the report free of charge at www.us.am.joneslanglasalle.com...
942 ## - ADDED ENTRY ELEMENTS (KOHA)
Suppress in OPAC 0
Holdings
Withdrawn status Lost status Source of classification or shelving scheme Damaged status Not for loan Home library Current library Shelving location Date acquired Total Checkouts Full call number Barcode Date last seen Copy number Price effective from Koha item type
    Dewey Decimal Classification     Virtual Virtual Online 17/04/2009   ONLINE PUBLICATION 147244-2001 06/08/2019 1 06/08/2019 Book